Vaisesika Catuhsutri : (Record no. 64101)

MARC details
000 -LEADER
fixed length control field 00622nam a22001577a 4500
005 - DATE AND TIME OF LATEST TRANSACTION
control field 20120317134438.0
020 ## - INTERNATIONAL STANDARD BOOK NUMBER
International Standard Book Number 8185141452
Terms of availability 00.00
035 ## - SYSTEM CONTROL NUMBER
System control number B-88314
037 ## - SOURCE OF ACQUISITION
Stock number DPL
Source of stock number/acquisition ENG
100 ## - MAIN ENTRY--PERSONAL NAME
Personal name Sankaranarayanan, S.
245 ## - TITLE STATEMENT
Title Vaisesika Catuhsutri :
Remainder of title A historical perspective /
Statement of responsibility, etc by S. Sankaranarayanan
260 ## - PUBLICATION, DISTRIBUTION, ETC. (IMPRINT)
Place of publication, distribution, etc Chennai
Name of publisher, distributor, etc The Adyar Library and Research Centre
Date of publication, distribution, etc 2003
300 ## - PHYSICAL DESCRIPTION
Extent v, 58p.
Dimensions 18 cms.
942 ## - ADDED ENTRY ELEMENTS (KOHA)
Source of classification or shelving scheme Dewey Decimal Classification
Item type English Books
Classification part 181.45
Call number suffix SAN
Holdings
Withdrawn status Lost status Not for loan Collection code Home library Current library Date acquired Cost, normal purchase price Full call number Barcode Cost, replacement price Koha item type
      Non-fiction Sarojini Nagar Sarojini Nagar 17/03/2012 0.00 181.45 SAN B-88314 0.00 English Books

© Delhi Public Library
Hit Counter
free hit counter